Principles of Economics/

Αποθηκεύτηκε σε:
Λεπτομέρειες βιβλιογραφικής εγγραφής
Κύριος συγγραφέας: Suits, Daniel B.
Μορφή: Sách giấy
Γλώσσα:English
Έκδοση: New York : Harper & Row, 1970
Ετικέτες: Προσθήκη ετικέτας
Δεν υπάρχουν, Καταχωρήστε ετικέτα πρώτοι!
Thư viện lưu trữ: Thư viện Trường Đại học Đà Lạt
LEADER 00631nam a2200289 4500
001 DLU040028112
040 # # |a dlu  |b vie 
041 # # |a eng 
044 # # |a US 
082 # # |a 330  |b SU-D 
100 # # |a Suits, Daniel B. 
245 # # |a Principles of Economics/  |c Daniel B. Suits  
260 # # |a New York :  |b Harper & Row,  |c 1970 
300 # # |a 542p.;  |c 26cm. 
504 # # |a Index [p.529 - ] 
923 # # |a 5/2004 
992 # # |a 11100 
994 # # |a DLU 
900 # # |a True 
911 # # |a Lê Thị Mạnh Xuân 
925 # # |a G 
926 # # |a A 
927 # # |a SH 
980 # # |a Thư viện Trường Đại học Đà Lạt